[Event "29th IND-ch U17 Open 2018"]
[Site "Sonipat"]
[Date "2018.09.06"]
[Round "4"]
[White "Mitrabha, Guha"]
[Black "Pruthu Deshpande"]
[Result "1-0"]
[WhiteElo "2376"]
[BlackElo "2068"]
[Annotator "TA"]
[PlyCount "119"]
[EventDate "2018.09.05"]
[EventCountry "IND"]
[SourceTitle "playchess.com"]
[Source "ChessBase"]
[SourceQuality "1"]

{[%evp 14,119,27,21,60,33,33,33,33,29,23,25,28,30,33,18,35,35,82,87,82,84,111,127,183,182,171,169,177,170,199,182,209,191,219,193,415,427,467,462,433,437,464,248,241,247,224,245,248,201,202,183,187,195,312,283,314,280,269,271,344,0,202,197,202,202,281,294,348,318,754,758,5489,5112,2888,1016,1006,974,1509,1459,2409,1799,12828,12829,12829,12830,12837,12836,12837,12836,12837,12833,12835,0,12836,12835,12836,12818,12838,12839,12842,12842,12843,12839,12845,12846,12846,12847]} 1. d4 d5 2. Nf3 Nf6 3. c4 c6 4. e3 Bf5 5. Nc3 a6 6. Qb3 Ra7 {D15: Slav Defence: 4 Nc3 a6 and gambit lines after 4 Nc3 dxc4} 7. a4 {[%cal Ba2a4,Ba4a5,Ba5b6][%mdl 32]} e6 8. a5 {LiveBook: 28 Games} Be7 $146 {The position is equal.} ({Predecessor:} 8... Nbd7 9. Nh4 Be4 10. cxd5 Bxd5 11. Nxd5 cxd5 12. Bd3 Ne4 13. Nf3 Bd6 14. Bxe4 dxe4 {½-½ (36) Cheparinov,I (2681)-Postny,E (2658) Bol 2015}) 9. Qb6 Qxb6 10. axb6 Ra8 11. c5 Nbd7 12. b4 O-O 13. Be2 Ne4 14. Bb2 h6 15. O-O Rae8 16. Nxe4 Bxe4 17. Nd2 Bg6 18. Nb3 Bf6 {[#]} (18... Ra8 $16 {was worth a try.}) 19. Na5 $1 $18 {[%cal Ra5b7]} Rb8 20. Rfd1 Bd8 21. Bc3 {[%cal Bb2c3,Bc3e1,Be1g3][%mdl 32]} Kh7 22. Ra2 f6 23. Be1 Rf7 24. f3 Nf8 $2 (24... Nxb6 {was called for.} 25. cxb6 Bxb6) 25. Bg3 Ra8 26. Rda1 e5 27. dxe5 Ne6 {[#]} 28. Nb3 (28. Nxc6 $142 $1 {[%mdl 512]} bxc6 29. Rxa6 (29. Bxa6 f5 $16)) 28... fxe5 29. Bxe5 Bf6 30. Bxf6 Rxf6 31. Nd4 Re8 32. Bf1 Nxd4 33. exd4 Rfe6 (33... Rf4 $142) 34. Kf2 Re3 35. Ra3 R3e7 36. R1a2 Re1 37. Ra1 (37. Re2 $142 R1xe2+ 38. Bxe2) 37... R1e7 $1 38. Rc1 Bf5 39. Raa1 Kg6 40. Re1 Rxe1 41. Rxe1 Rxe1 $2 (41... Be6 42. g4 Kf7) 42. Kxe1 {[%mdl 4096] Endgame KB-KB} Kg5 {[#]} 43. Bxa6 $1 {[%mdl 512]} Bc8 (43... bxa6 44. b7) 44. Bd3 (44. b5 $142 cxb5 45. c6 bxa6 46. b7) 44... h5 45. Kf2 h4 46. g3 Bd7 47. Ke3 hxg3 48. hxg3 Bc8 49. b5 Bd7 50. bxc6 Bxc6 51. Bf1 Bd7 52. Bg2 Kf6 53. Bf1 Kg5 $1 54. Kd2 {White is clearly winning.} Kf6 55. Kc3 g5 56. Kb4 Ke7 57. Bb5 Bc8 58. Ba4 Be6 59. c6 Bc8 60. Kc5 {Precision: White = 84%, Black = 28%.} 1-0

[Event "29th IND-ch U17 Open 2018"]
[Site "Sonipat"]
[Date "2018.09.06"]
[Round "4"]
[White "Gaurav Rajesh Zagade"]
[Black "Harshit Arya"]
[Result "1-0"]
[WhiteElo "2177"]
[BlackElo "1800"]
[Annotator "TA"]
[PlyCount "75"]
[EventDate "2018.09.05"]
[EventCountry "IND"]
[SourceTitle "playchess.com"]
[Source "ChessBase"]
[SourceQuality "1"]

{[%evp 26,75,53,43,52,44,82,74,110,115,115,75,148,139,157,143,170,147,174,145,126,123,123,95,118,116,126,125,174,0,174,174,512,126,136,134,116,116,116,116,375,121,121,121,138,84,354,351,573,567,751,784]} 1. Nf3 Nf6 2. c4 g6 3. g3 Bg7 4. Bg2 O-O 5. d4 d6 6. O-O Nc6 7. Nc3 Bg4 8. h3 Bxf3 9. Bxf3 Nd7 10. e3 e5 11. d5 Ne7 12. e4 f5 13. Rb1 {E62: King's Indian: Fianchetto: 6...c6 and Panno Variation (6...Nc6) without ...a6} (13. Bg2 a5 14. h4 Nf6 15. Bh3 Kh8 16. Kg2 c6 17. Bg5 h6 18. Bxf6 Rxf6 19. h5 f4 20. hxg6 Qb6 21. Qb3 {1-0 (34) Mchedlishvili,M (2590)-Cori Tello,J (2641) Linares 2017}) 13... a5 14. a3 {LiveBook: 3 Games} Nb6 $146 ({Predecessor:} 14... Nf6 15. exf5 gxf5 16. Bg2 Ng6 17. h4 e4 18. Ne2 Ng4 19. Nd4 Bxd4 20. Qxd4 Qf6 21. Qxf6 Nxf6 {½-½ (49) Kashlinskaya,A (2389)-Szczepkowska,K (2377) Moscow 2012}) 15. Be2 {White is slightly better.} a4 16. Be3 f4 17. Bxb6 $1 cxb6 18. Bg4 fxg3 ({Better is} 18... Bh6) 19. fxg3 Qc7 20. Qe2 Bf6 21. Kg2 Kg7 22. h4 h5 23. Bh3 Ng8 24. Rf2 Nh6 25. Rbf1 Qc5 26. Be6 Qc7 27. Bh3 $2 ({White should play} 27. Qd2 $18 {Threatens to win with Rxf6!} Be7 28. Rxf8 Bxf8 29. Qg5) 27... Ra5 $2 (27... Qc5 $1 $11 {and Black stays safe.}) 28. Nb5 $18 Qc5 $2 (28... Qd8 29. Qd2 Be7 30. Rxf8 Bxf8) 29. Rf3 $2 (29. Qd2 $18) 29... Raa8 $16 30. Be6 $36 {[%mdl 2048] White is in control.} Be7 31. Nc3 Rxf3 32. Rxf3 Qd4 $2 {[%mdl 8192] [#]} (32... Kh8 $16 33. Qd3 Kg7) 33. Bd7 $2 (33. c5 $1 $18 {[%cal Rc5d6][%mdl 512] and the rest is easy.} Qxc5 (33... bxc5 34. Nb5) 34. Nb5) 33... Rf8 34. Rxf8 ({But not} 34. Nxa4 $6 Rxf3 35. Qxf3 Ng8 $14) 34... Bxf8 35. Nxa4 (35. Bxa4 $142 {aiming for Bd7.} Ng4 36. Nb5) 35... Be7 $2 {[%mdl 8192]} (35... b5 $16 36. Bxb5 Ng4) 36. Nc3 $18 {And now Nb5 would win.} Ng4 $2 (36... b5 37. Nxb5 Qb6) 37. Nb5 Qe3 38. Bxg4 {Precision: White = 35%, Black = 32%.} 1-0

[Event "29th IND-ch U17 Open 2018"]
[Site "Sonipat"]
[Date "2018.09.06"]
[Round "4"]
[White "Panesar Vedant"]
[Black "Shyam Prasad Reddy K"]
[Result "1-0"]
[WhiteElo "2124"]
[BlackElo "2148"]
[Annotator "TA"]
[PlyCount "95"]
[EventDate "2018.09.05"]
[EventCountry "IND"]
[SourceTitle "playchess.com"]
[Source "ChessBase"]
[SourceQuality "1"]

{[%evp 17,95,-12,-10,-8,-8,-11,3,0,0,0,0,0,0,-53,52,21,47,0,15,7,45,32,54,12,31,31,20,20,42,40,42,22,52,52,60,53,45,48,77,27,52,58,81,73,62,68,68,68,58,45,49,47,57,-25,11,10,10,10,12,11,10,10,13,11,36,45,128,124,120,108,126,104,29984,29985,29985,29986,29986,29987,29987,29988]} 1. c4 Nf6 2. Nf3 c5 3. g3 d5 4. cxd5 Nxd5 5. Bg2 Nc6 6. Nc3 g6 7. d3 Bg7 8. Bd2 O-O {A34: Symmetrical English: 2 Nc3, lines with ...d5} 9. h4 {[%cal Bh2h4,Bh4h5][%mdl 32]} (9. O-O b6 10. d4 cxd4 11. Nxd5 Qxd5 12. Nxd4 Qxd4 13. Bxc6 Bh3 14. Bc3 Qxd1 15. Rfxd1 Rad8 16. Bxg7 Kxg7 17. Bd5 Kf6 {½-½ (27) Nisipeanu,L (2683)-Vachier Lagrave,M (2791) Dortmund 2017}) 9... Bg4 {LiveBook: 4 Games} 10. Nh2 Be6 {The position is equal.} 11. h5 Nxc3 $146 ({Predecessor:} 11... c4 12. hxg6 fxg6 13. dxc4 Nxc3 14. Bxc3 Bxc3+ 15. bxc3 Qxd1+ 16. Rxd1 Bxc4 {1-0 (41) Chuchelov,V (2420)-Radev Iordanov,N (2355) Teteven 1991}) 12. bxc3 Bd5 13. Kf1 Bxg2+ 14. Kxg2 Qd5+ 15. f3 (15. Nf3 $11) 15... Ne5 (15... Qxh5 $15 16. Ng4 Qd5) 16. Qa4 Rad8 17. Qh4 Qe6 {White must now prevent ...Nc4!} 18. Nf1 Bf6 19. Qe4 Qc6 20. Qf4 g5 (20... Bg7 {looks sharper.} 21. a4 h6 22. Qe4 Qxe4 23. fxe4 f5) 21. Qe4 Qxe4 22. fxe4 h6 23. Ne3 e6 24. Rab1 Rd7 25. Rhf1 Bg7 26. Rb5 b6 27. a4 Rfd8 28. Be1 Nc6 29. Nc4 {[#]} f5 $1 {[%mdl 512]} 30. exf5 exf5 31. Rxf5 Ne7 32. Rf2 Nd5 33. Rb3 Re8 34. Bd2 Nf6 35. Ne3 (35. a5 $1 $14) 35... Ne4 36. dxe4 {Strongly threatening Bc1.} Rxd2 {[#]} 37. a5 $1 {[%mdl 512]} Rxe4 (37... bxa5 38. Rb7) 38. axb6 axb6 39. Kf3 Re6 40. g4 Ra2 41. Nd5 Rc2 (41... Rd2 $14 42. c4 Rd4) 42. e3 $36 {[%mdl 2048] White is on the roll.} Rc1 43. Ra3 Re8 44. Kg2 Re4 $2 {[%mdl 8192]} (44... b5 $16) 45. Ra8+ {White mates.} Kh7 46. Rf7 {[%csl Gf7][%cal Rd5f6]} Re6 47. Raa7 Rc2+ 48. Kf3 {Precision: White = 59%, Black = 31%.} 1-0

[Event "29th IND-ch U17 Open 2018"]
[Site "Sonipat"]
[Date "2018.09.06"]
[Round "4"]
[White "Vaibhav Jayant Raut"]
[Black "Soham Dey"]
[Result "1/2-1/2"]
[WhiteElo "1999"]
[BlackElo "1701"]
[Annotator "NA RC"]
[PlyCount "124"]
[EventDate "2018.09.05"]
[EventCountry "IND"]
[SourceTitle "playchess.com"]
[Source "ChessBase"]
[SourceQuality "1"]

{[%evp 17,124,-23,-23,-50,-14,-16,-16,-16,-10,-57,-44,-92,-83,-79,-55,-50,-27,-91,-90,-98,-69,-80,-58,-98,-52,-53,-44,32767,32767,32767,32767,123,79,97,96,108,143,158,218,181,226,183,262,228,211,281,32767,395,157,380,968,1179,1423,773,606,353,526,324,379,104,331,275,296,227,192,220,246,101,91,110,114,101,91,101,101,91,91,96,104,114,96,104,114,96,91,91,104,110,104,91,110,114,104,91,110,104,91,104,1,32767,32767,32767,32767,4,2,5,1,0,0]} 1. Nf3 d5 2. g3 Nf6 3. Bg2 Bg4 4. d3 e6 5. Nbd2 Bd6 6. b3 c5 7. Bb2 Nc6 8. O-O O-O 9. e4 d4 10. a4 a6 11. h3 Bh5 12. g4 Bg6 13. Nh4 (13. e5 $11 Nxe5 14. Nxe5 Bxe5 15. Bxb7) 13... Bf4 14. Nxg6 (14. Bc1 $15) 14... hxg6 15. Nf3 g5 16. Bc1 $1 Nd7 17. h4 (17. Bxf4 $11 gxf4 18. g5) 17... Bxc1 18. Qxc1 gxh4 19. Bh3 Qf6 20. Kg2 Nce5 21. Nxe5 $1 Nxe5 22. f4 Nxg4 23. Bxg4 Qg6 {[#]} 24. Kh3 $1 f5 {[#]} 25. Rg1 $1 fxg4+ 26. Rxg4 Qf6 27. Qd2 a5 (27... b5 $16) 28. Qg2 Rf7 29. Rf1 Kf8 (29... e5 $142 30. f5 Ra6) 30. Rg5 Rc8 31. Qg4 Rc6 32. Rg6 Qe7 33. Qh5 Ke8 $2 (33... Kg8 34. Rfg1 (34. Qxh4 Qxh4+ 35. Kxh4 Rf6 $14) 34... e5) 34. Rxg7 Qf6 35. Rg6 Qe7 36. Qe5 (36. f5 $142 Kd8 37. f6) 36... Kd7 (36... Qd6 $142 37. Qh5 Kd7) 37. Qb8 Rc7 38. Qh8 $2 (38. Qa7 $18 {and White stays clearly on top.}) 38... Rh7 $2 (38... Rc8 $16 {might work better.} 39. Qxh4 Rh7) 39. Qe5 Qd6 40. Qxd6+ Kxd6 41. f5 Rce7 42. fxe6 $16 (42. Rf4 $18 {is more deadly.}) 42... Rxe6 43. Rxe6+ Kxe6 44. Rf8 Kd6 45. Rf6+ Ke5 46. Rf5+ Kd6 47. Rf4 Rg7 48. Rxh4 Rg1 49. Rf4 Rc1 50. Rf2 b6 51. Kg3 Ke5 52. Kf3 Rg1 53. Rg2 Rf1+ 54. Kg4 Rc1 55. Kg5 Rf1 56. Kg6 Ke6 57. Kg7 Ke7 58. Rg6 Rf2 59. Rxb6 Rxc2 60. Kg6 Rc3 61. Kf5 Rxd3 62. Rb5 Kd6 1/2-1/2

[Event "29th IND-ch U17 Open 2018"]
[Site "Sonipat"]
[Date "2018.09.06"]
[Round "4"]
[White "Vinay Thomas Abraham"]
[Black "Srijit Paul"]
[Result "1-0"]
[WhiteElo "1953"]
[BlackElo "2335"]
[Annotator "TA"]
[PlyCount "93"]
[EventDate "2018.09.05"]
[EventCountry "IND"]
[SourceTitle "playchess.com"]
[Source "ChessBase"]
[SourceQuality "1"]

{[%evp 15,93,32,26,0,10,10,11,0,0,0,4,0,0,0,18,25,32,31,31,22,20,8,29,29,47,29,29,29,39,22,22,22,22,21,22,14,15,16,17,14,26,0,0,0,17,8,298,293,283,246,303,287,299,266,274,274,266,259,253,246,260,166,260,255,255,219,787,786,654,531,1990,1924,1727,1519,29986,29987,29988,29988,29989,29990]} 1. e4 Nf6 2. e5 Nd5 3. d4 {[%cal Bd2d4,Bd4d5][%mdl 32]} Nb6 4. c4 d6 5. f4 g6 6. Nc3 Bg7 7. Be3 Be6 {B03: Alekhine's Defence: Four Pawns Attack} 8. d5 (8. Nf3 O-O 9. c5 Nd5 10. Nxd5 Bxd5 11. Be2 Nc6 12. O-O b6 13. cxd6 cxd6 14. Rc1 Rc8 15. Qa4 {1-0 (90) Jones,G (2640)-Daulyte,D (2439) chess.com INT 2018}) 8... Bc8 {LiveBook: 6 Games} 9. exd6 exd6 {The position is equal.} 10. Bd4 O-O 11. Bxg7 Kxg7 12. Qd4+ Qf6 13. Nf3 $146 ({Predecessor:} 13. O-O-O Na6 14. Qxf6+ Kxf6 15. h3 {1-0 (40) Garcia Fernandez,J (2174)-Salamero Pelay,F (2149) Aragon 2014}) 13... Re8+ 14. Kd2 Na6 15. Bd3 Nc5 16. b3 Bd7 17. Qxf6+ Kxf6 18. Nd4 Nxd3 19. Kxd3 a6 20. Rae1 Bf5+ 21. Kd2 Nd7 22. Rxe8 (22. h3 {seems wilder.} h5 23. Rhg1 Rxe1 24. Rxe1 Nc5 25. Re3) 22... Rxe8 23. Re1 Rxe1 24. Kxe1 $11 {[%mdl 4096] Endgame KBN-KNN} Nc5 25. Kd2 Ne4+ 26. Nxe4+ Bxe4 {KB-KN} 27. g3 g5 28. b4 gxf4 29. gxf4 Kg6 30. b5 a5 $2 {[%mdl 8192] [#]} (30... Bf5 $11 {and Black stays safe.}) 31. b6 $1 $18 {[%cal Rb6c7][%mdl 512]} cxb6 32. Nb5 Kf6 33. Nxd6 Bb1 34. a4 ({Not} 34. Nxb7 Bxa2 35. Nd6 a4 $11) 34... Ke7 {[#]} 35. Nc8+ $1 ({Inferior is} 35. Nxb7 Ba2 $17) 35... Kd7 36. Nxb6+ Kd6 {[#] White should prevent ...Bf5.} 37. Kc3 $1 Kc5 38. Nd7+ Kd6 39. Ne5 f6 40. Ng4 Ke7 $2 (40... Bf5 41. Nxf6 Ke7) 41. c5 {[%cal Bc4c5,Bc5b6,Bb6b7][%mdl 32]} Bg6 42. Ne3 Be8 43. Nc4 Bxa4 44. Nxa5 b6 45. cxb6 {White mates.} Kd7 46. Kb4 Bd1 47. b7 {Precision: White = 65%, Black = 32%.} 1-0

[Event "29th IND-ch U17 Open 2018"]
[Site "Sonipat"]
[Date "2018.09.07"]
[Round "5"]
[White "Gaurav Rajesh Zagade"]
[Black "Panesar Vedant"]
[Result "1/2-1/2"]
[WhiteElo "2177"]
[BlackElo "2124"]
[Annotator "NA"]
[PlyCount "86"]
[EventDate "2018.09.05"]
[EventCountry "IND"]
[SourceTitle "playchess.com"]
[Source "ChessBase"]
[SourceQuality "1"]

1. Nf3 Nf6 2. c4 g6 3. g3 Bg7 4. Bg2 O-O 5. d4 d6 6. Nc3 c6 7. O-O Bf5 8. Ne1 Be6 9. b3 d5 10. cxd5 cxd5 11. Bb2 Nc6 12. e3 Bf5 13. Nd3 e6 14. Rc1 Rc8 15. f3 Bxd3 16. Qxd3 Re8 17. f4 Ne7 18. Bf3 Rc6 19. Nb5 a6 20. Rxc6 Nxc6 21. Nc3 Re7 22. Ba3 Rc7 23. Rc1 Bf8 24. Bxf8 Qxf8 25. Qd2 Qb4 26. Kf2 Na7 27. Ke2 a5 28. Na4 Qb5+ 29. Kf2 Rxc1 30. Qxc1 Nc6 31. Nc5 Nb4 32. Qd2 b6 33. Na4 Ne4+ 34. Bxe4 dxe4 35. g4 h5 36. h3 Nd3+ 37. Kg3 g5 38. Nc3 gxf4+ 39. exf4 Qc6 40. Ne2 hxg4 41. hxg4 Nb4 42. f5 exf5 43. gxf5 Qf6 1/2-1/2

[Event "29th IND-ch U17 Open 2018"]
[Site "Sonipat"]
[Date "2018.09.07"]
[Round "5"]
[White "Vinay Thomas Abraham"]
[Black "Mitrabha, Guha"]
[Result "1/2-1/2"]
[WhiteElo "1953"]
[BlackElo "2376"]
[Annotator "NA"]
[PlyCount "89"]
[EventDate "2018.09.05"]
[EventCountry "IND"]
[SourceTitle "playchess.com"]
[Source "ChessBase"]
[SourceQuality "1"]

1. e4 c6 2. Nf3 d5 3. exd5 cxd5 4. Ne5 Nf6 5. d4 g6 6. Bb5+ Nbd7 7. O-O Bg7 8. c3 O-O 9. f4 Ne4 10. Qe2 Ndf6 11. Nd2 Bf5 12. g4 Nxd2 13. Bxd2 Be4 14. f5 a6 15. Bd3 Bxd3 16. Nxd3 Ne4 17. Nf2 Nd6 18. fxg6 hxg6 19. Rae1 Re8 20. Bf4 Qb6 21. Qf3 Ne4 22. Nxe4 dxe4 23. Rxe4 Qxb2 24. Rf2 Qb1+ 25. Kg2 Qb5 26. h4 Qd5 27. g5 Rac8 28. Rfe2 e6 29. Be5 Bxe5 30. dxe5 Red8 31. h5 Qd3 32. R2e3 Qd1 33. hxg6 fxg6 34. Qxd1 Rxd1 35. Rf4 Rd2+ 36. Rf2 Rxf2+ 37. Kxf2 Rf8+ 38. Kg3 Rf5 39. Kg4 Kf8 40. c4 Rf7 41. Rb3 Rc7 42. Rb6 Rxc4+ 43. Kf3 Rc3+ 44. Kf4 Rc4+ 45. Kf3 1/2-1/2

[Event "29th IND-ch U17 Open 2018"]
[Site "Sonipat"]
[Date "2018.09.06"]
[Round "5"]
[White "Aakash Sharadchandra, Dalvi"]
[Black "Sreekar J S S"]
[Result "1/2-1/2"]
[WhiteElo "1947"]
[BlackElo "1538"]
[Annotator "NA"]
[PlyCount "65"]
[EventDate "2018.09.05"]
[EventCountry "IND"]
[SourceTitle "playchess.com"]
[Source "ChessBase"]
[SourceQuality "1"]

1. d4 Nf6 2. c4 e5 3. dxe5 Ng4 4. Bf4 g5 5. Bg3 Bg7 6. e3 Nxe5 7. Nc3 Nbc6 8. Nf3 d6 9. Nd4 O-O 10. h4 g4 11. Be2 f5 12. Qd2 Nxd4 13. exd4 Nc6 14. d5 Ne5 15. h5 a6 16. Bf4 Bd7 17. Kf1 Qe7 18. Rc1 Rae8 19. b3 Nf7 20. Bd3 Be5 21. Ne2 Qf6 22. g3 Bxf4 23. gxf4 Nh6 24. Qc3 Qxc3 25. Rxc3 c6 26. Kg2 cxd5 27. cxd5 Rc8 28. Kg3 Rxc3 29. Nxc3 Rc8 30. Ne2 Kf7 31. b4 Ng8 32. Kh4 Kf6 33. Rd1 1/2-1/2

[Event "29th IND-ch U17 Open 2018"]
[Site "Sonipat"]
[Date "2018.09.06"]
[Round "5"]
[White "Arjun C Krishnamachari"]
[Black "Cheela Naga, Sampath"]
[Result "0-1"]
[WhiteElo "1901"]
[BlackElo "1935"]
[Annotator "NA"]
[PlyCount "90"]
[EventDate "2018.09.05"]
[EventCountry "IND"]
[SourceTitle "playchess.com"]
[Source "ChessBase"]
[SourceQuality "1"]

1. e4 e5 2. Nf3 Nf6 3. Nxe5 d6 4. Nf3 Nxe4 5. Nc3 Nf6 6. d4 d5 7. Bd3 Be7 8. O-O O-O 9. h3 b6 10. Bf4 Bb7 11. Re1 c5 12. Qe2 Nc6 13. Bb5 Re8 14. Qd2 a6 15. Bxc6 Bxc6 16. Ne5 Bb7 17. Rad1 cxd4 18. Qxd4 Bc5 19. Qd3 d4 20. Qc4 Nd5 21. Nxd5 Bxd5 22. Qd3 f6 23. Ng4 Bf7 24. Qg3 Bg6 25. b4 Rxe1+ 26. Rxe1 Bf8 27. Bc7 Qd5 28. Bxb6 Bd6 29. f4 Bxb4 30. Rd1 Bc5 31. Bxc5 Qxc5 32. Kh2 Rd8 33. Qf2 Bxc2 34. Rc1 Rc8 35. Re1 h5 36. Ne3 dxe3 37. Rxe3 Bg6 38. Qf3 Qc6 39. Qg3 Qc2 40. a4 Bf7 41. Ra3 Qb1 42. Qf3 Rd8 43. Rc3 Qd1 44. Rc8 Qd7 45. Qc6 Qxc8 0-1

[Event "29th IND-ch U17 Open 2018"]
[Site "Sonipat"]
[Date "2018.09.06"]
[Round "5"]
[White "Tuhin Kashyap"]
[Black "Harshita Guddanti"]
[Result "0-1"]
[WhiteElo "1616"]
[BlackElo "1972"]
[Annotator "NA"]
[PlyCount "108"]
[EventDate "2018.09.05"]
[EventCountry "IND"]
[SourceTitle "playchess.com"]
[Source "ChessBase"]
[SourceQuality "1"]

1. e4 e5 2. Nf3 Nc6 3. d4 exd4 4. Bc4 Nf6 5. e5 d5 6. Bb5 Ne4 7. O-O Bd7 8. Bxc6 bxc6 9. Nxd4 Bc5 10. Nc3 Nxc3 11. bxc3 O-O 12. Nb3 Bb6 13. a4 a5 14. Qf3 f6 15. Qg3 fxe5 16. Qxe5 Qh4 17. Nd4 Rae8 18. Qg3 Qxg3 19. hxg3 c5 20. Nb3 c4 21. Nd4 Bxd4 22. cxd4 Re2 23. c3 Rc2 24. Bf4 Rxc3 25. Bxc7 Rd3 26. Rfd1 Rxd1+ 27. Rxd1 Rc8 28. Bxa5 c3 29. Rc1 c2 30. Bd2 Bxa4 31. Be3 Kf7 32. Kf1 Ke6 33. Ke2 Kd6 34. Kd2 Kc6 35. Ra1 Kb5 36. Kc1 Rc3 37. Kb2 Rd3 38. Rxa4 Kxa4 39. Kxc2 Rb3 40. g4 Kb4 41. Kd2 Kc4 42. f4 Rb2+ 43. Ke1 Kd3 44. Bc1 Rb1 45. Kd1 Rb4 46. Ba3 Rxd4 47. Bd6 Ra4 48. Be5 g6 49. Ke1 Ke3 50. g3 d4 51. Kd1 Ra1+ 52. Kc2 d3+ 53. Kb3 d2 54. Bxa1 d1=Q+ 0-1

[Event "29th IND-ch U17 Open 2018"]
[Site "Sonipat"]
[Date "2018.09.07"]
[Round "6"]
[White "Mitrabha, Guha"]
[Black "Harshita Guddanti"]
[Result "1-0"]
[WhiteElo "2376"]
[BlackElo "1972"]
[Annotator "TA"]
[PlyCount "101"]
[EventDate "2018.09.05"]
[EventCountry "IND"]
[SourceTitle "playchess.com"]
[Source "ChessBase"]
[SourceQuality "1"]

{[%evp 14,101,6,0,26,14,17,15,25,1,39,0,47,27,31,27,26,26,23,18,25,17,47,51,58,54,93,80,110,94,110,110,103,103,137,111,112,111,111,111,112,97,120,112,146,146,146,146,144,141,145,145,140,112,132,112,143,112,146,143,145,136,152,77,161,139,317,317,317,316,301,301,645,286,260,260,1331,1228,1299,1362,1301,1219,1129,1086,12835,12835,12836,12836,12834,12836]} 1. d4 Nf6 2. c4 e6 3. g3 d5 4. Nf3 Bb4+ 5. Bd2 Be7 6. Bg2 O-O 7. O-O c6 8. Nc3 {LiveBook: 40 Games. E11: Bogo-Indian} (8. Qb3 b6 9. Ne5 Ba6 10. Bc3 Nfd7 11. Nd2 Nxe5 12. dxe5 Nd7 13. a4 Bc5 14. Qc2 d4 15. b4 dxc3 16. Qxc3 Bxb4 17. Qxb4 Nxe5 {½-½ (41) Fedoseev,V (2706)-Gelfand,B (2695) Poikovsky 2018}) 8... Ne4 9. Rc1 $146 ({Predecessor:} 9. Qc2 f5 10. Rad1 Nd7 11. b3 a5 12. Be1 Qb6 13. e3 Bf6 14. Na4 Qa7 15. Nb2 {½-½ (48) Hegde,R (2105)-Muthaiah,A (2291) Chennai 2018}) 9... Nxd2 10. Qxd2 {The position is equal.} Nd7 {[%cal Bb8d7,Bd7f6,Bf6e4][%mdl 32]} 11. Rfd1 f5 12. a3 Nf6 13. b4 Ne4 14. Qb2 Nd6 15. Ne5 Bf6 16. Nb1 {[%cal Bc3b1,Bb1d2,Bd2b3,Bb3a5][%mdl 32]} Bd7 17. c5 Bxe5 18. dxe5 Nf7 19. Nd2 Qc7 20. f4 a5 21. Nb3 axb4 22. axb4 Rfb8 23. Ra1 b5 24. Na5 Ra6 25. Ra3 Rba8 26. Rda1 Qc8 27. R1a2 Nd8 28. Qa1 Nb7 29. Nb3 Rxa3 30. Rxa3 Rxa3 31. Qxa3 Qb8 32. Qa6 Nd8 33. Na5 Kf8 34. Kf2 Ke8 35. Nb3 Bc8 36. Qa5 Qb7 37. Bf3 Kd7 38. g4 (38. h3 $142) 38... g6 (38... fxg4 $16 39. Bxg4 Ke8) 39. Qb6 Qxb6 $2 {[#]} (39... fxg4 $16 40. Bxg4 h6) 40. cxb6 $16 {[%mdl 4096] Endgame KBN-KBN} Nb7 41. Ke3 Ke7 42. Kd4 Kd8 $2 (42... Nd8 43. h4 Nb7) 43. e3 (43. Nc5 $142 Nxc5 44. Kxc5) 43... Ke7 44. Be2 Kd8 $2 (44... Ke8 45. h4 Kd8) 45. Nc5 $18 {White is clearly winning.} Nxc5 46. Kxc5 {KB-KB} Kd7 {[#]} 47. b7 $1 {[%mdl 512]} Bxb7 48. Kb6 Bc8 49. g5 Ke7 50. Kxc6 Bd7+ 51. Kc5 {Precision: White = 49%, Black = 26%.} 1-0

[Event "29th IND-ch U17 Open 2018"]
[Site "Sonipat"]
[Date "2018.09.07"]
[Round "6"]
[White "Panesar Vedant"]
[Black "Vinay Thomas Abraham"]
[Result "1-0"]
[WhiteElo "2124"]
[BlackElo "1953"]
[Annotator "TA"]
[PlyCount "71"]
[EventDate "2018.09.05"]
[EventCountry "IND"]
[SourceTitle "playchess.com"]
[Source "ChessBase"]
[SourceQuality "1"]

{[%evp 10,71,49,31,45,45,53,53,46,43,60,39,47,50,69,58,113,101,120,117,124,127,141,137,134,141,146,153,141,125,124,102,138,130,169,175,206,212,210,203,272,251,446,439,489,480,635,634,608,493,514,536,565,568,548,548,655,638,718,676,1641,1599,29986,29987]} 1. e4 d5 2. exd5 Nf6 3. Bb5+ Bd7 4. Bc4 Bg4 5. f3 Bf5 6. Nc3 {LiveBook: 42 Games} c6 {B01: Scandinavian Defence} (6... Nbd7 7. g4 Nb6 8. b3 Bc8 9. Bb2 Nfxd5 10. Nxd5 Nxd5 11. Qe2 e6 12. O-O-O b6 13. Nh3 Bb7 14. f4 Bd6 15. f5 Qe7 16. Bxg7 {1-0 (40) Caruana,F (2795)-Akobian,V (2615) Saint Louis 2016 CBM 172 [Iotov,V]}) 7. dxc6 Nxc6 8. d3 e6 {White is slightly better.} 9. Be3 Nd5 10. Nxd5 exd5 11. Bb3 Bd6 $146 ({Predecessor:} 11... Bb4+ 12. Bd2 Bc5 13. Qe2+ Be6 14. c3 O-O 15. O-O-O Qb6 16. f4 Rae8 17. Qf3 d4 18. c4 Bd7 19. g4 Na5 20. Bc2 Bc6 {0-1 (20) Bellisario,C-Kanzian,R (1859) ICCF email 2015}) 12. Ne2 Qc7 (12... O-O $14) 13. Qd2 O-O-O 14. Bf4 ({Stronger than} 14. Bxd5 Bb4 $17) 14... Rhe8 {[#] Hoping for ...Bxf4.} 15. Bxd6 Rxd6 16. O-O-O d4 17. Rhe1 Red8 18. Ng3 Bg6 19. f4 {[#] Black must now prevent f5.} f5 20. Re6 b5 21. Rde1 a5 22. Kb1 a4 23. Rxd6 Rxd6 24. Be6+ Kd8 25. Bxf5 Bf7 $2 (25... Bxf5 {was necessary.} 26. Nxf5 Rf6) 26. Ne4 $18 {[%cal Bg3e4,Be4g5,Bg5f3][%mdl 32]} Rh6 27. Ng5 a3 28. Be6 Bg6 29. b3 Rxh2 30. Bh3 {Threatens to win with Ne6+.} Qd6 31. Nf3 Rxh3 32. gxh3 Nb4 33. Re5 Be8 34. Re4 Nd5 35. Qa5+ Kc8 36. Rxe8+ {Precision: White = 74%, Black = 28%.} 1-0